000 00687nam a22001815i 4500
001 152026
003 ES-MaACL
005 20230906204511.0
008 990621s1858 sp a |||| | spa d
040 _aAN
_bspa
_cAN
100 0 _aBerthet, Elie.
_928448
245 1 4 _aLas catacumbas de Paris ó La venganza de un reo condenado a muerte /
_cnovela historica escrita en francés por Elias Berthet ; traduccion española por A. M.
260 _aMadrid :
_b[s.n],
_c1858 (
_fImprenta de Manini Hermanos)
300 _a956 p., [40] h. de lám. ;
_c27 cm.
740 3 _aLa venganza de un reo condenado a muerte.
852 _aES-MaACL
_jC-1925
_z-- Enc. hol. grabada
999 _c152026
_d152026